[Event "XVI Abierto de la Constitucion"]
[Site "San Sebastian de los Reyes"]
[Date "2014.11.30"]
[Round "1.1"]
[White "Perez Mitjans, Orelvis"]
[Black "Yeves Miquel, Enrique"]
[Result "1-0"]
[WhiteElo "2463"]
[BlackElo "1732"]
[PlyCount "57"]
[EventDate "2014.11.30"]

1. e4 c5 2. Nf3 e6 3. c3 Nf6 4. e5 Nd5 5. d4 cxd4 6. cxd4 d6 7. Nc3 Nxc3 8.
bxc3 Qc7 9. Bd2 a6 10. Bd3 Nc6 11. Qe2 dxe5 12. dxe5 Bc5 13. O-O Bd7 14. Rab1
Ne7 15. Rfe1 Rd8 16. Nd4 Bxd4 17. cxd4 Bc6 18. Qg4 h5 19. Qh4 Qd7 20. Bg5 Rc8
21. Rbc1 g6 22. Bf6 Rg8 23. Qg5 Nd5 24. Qh6 Nxf6 25. exf6 Bd5 26. Qh7 Rf8 27.
Bxg6 Rxc1 28. Rxc1 fxg6 29. Rc8+ 1-0

[Event "XVI Abierto de la Constitucion"]
[Site "San Sebastian de los Reyes"]
[Date "2014.11.30"]
[Round "1.2"]
[White "Guillo Longares, Cecilia"]
[Black "Valles Moreno, Ivan"]
[Result "0-1"]
[WhiteElo "1731"]
[BlackElo "2391"]
[PlyCount "66"]
[EventDate "2014.11.30"]

1. d4 d5 2. c4 dxc4 3. Nc3 a6 4. a4 Nc6 5. Nf3 Bg4 6. e3 Nf6 7. Bxc4 e6 8. O-O
Bd6 9. h3 Bh5 10. Bd2 O-O 11. Rc1 Qe7 12. Be2 Rfd8 13. Qb3 Rab8 14. Kh1 Bg6 15.
Rfd1 e5 16. dxe5 Nxe5 17. Nd4 c5 18. Nf3 Nd3 19. Bxd3 Bxd3 20. Be1 c4 21. Qa2
b5 22. axb5 axb5 23. b3 Ra8 24. Qd2 b4 25. Nb5 Ne4 26. Qb2 c3 27. Nxc3 bxc3 28.
Bxc3 Ba3 29. Qa1 Bxc1 30. Qxc1 Rac8 31. Nd4 Nxf2+ 32. Kg1 Nxd1 33. Qxd1 Qxe3+
0-1

[Event "XVI Abierto de la Constitucion"]
[Site "San Sebastian de los Reyes"]
[Date "2014.11.30"]
[Round "1.3"]
[White "Roa Alonso, Santiago"]
[Black "Campomanes Rodriguez, Javier"]
[Result "1-0"]
[WhiteElo "2387"]
[BlackElo "1726"]
[PlyCount "65"]
[EventDate "2014.11.30"]

1. d4 Nf6 2. c4 e6 3. Nf3 Bb4+ 4. Bd2 Be7 5. Nc3 d5 6. Qc2 c6 7. e4 dxe4 8.
Nxe4 Nbd7 9. Nxf6+ Bxf6 10. Bd3 h6 11. O-O-O c5 12. d5 Ne5 13. Nxe5 Bxe5 14. f4
Bd4 15. dxe6 Bxe6 16. f5 Bd7 17. Rde1+ Kf8 18. g4 Bc6 19. Be4 Qd6 20. Kb1 Rd8
21. Bc1 b5 22. h4 bxc4 23. g5 Rb8 24. g6 Bd5 25. Bxd5 Qxd5 26. Qe4 Qb7 27. Rh2
c3 28. Qxb7 Rxb7 29. Rhe2 Rb8 30. Bf4 c2+ 31. Kc1 Bxb2+ 32. Kxc2 fxg6 33. fxg6
1-0

[Event "XVI Abierto de la Constitucion"]
[Site "San Sebastian de los Reyes"]
[Date "2014.11.30"]
[Round "1.4"]
[White "Minguela Muñoz, Bienvenido"]
[Black "Hernando Pertierra, Jose C."]
[Result "0-1"]
[WhiteElo "1717"]
[BlackElo "2382"]
[PlyCount "56"]
[EventDate "2014.11.30"]

1. Nf3 d5 2. d4 c6 3. c4 dxc4 4. e4 Nf6 5. Bxc4 Nxe4 6. Bxf7+ Kxf7 7. Ne5+ Kg8
8. Qh5 Be6 9. O-O Nd7 10. Nc3 Nxc3 11. bxc3 Nxe5 12. Qxe5 Qd5 13. Qg3 h5 14. h4
Bf7 15. Bf4 Qf5 16. Rfe1 Qg4 17. Qh2 Rd8 18. Re5 Rd5 19. f3 Qg6 20. Bg5 Rxe5
21. Qxe5 Qd6 22. Qe3 e6 23. Rb1 b6 24. Bf4 Qd8 25. g3 Bd6 26. Bg5 Qc7 27. Rd1
e5 28. dxe5 Bc5 0-1

[Event "XVI Abierto de la Constitucion"]
[Site "San Sebastian de los Reyes"]
[Date "2014.11.30"]
[Round "1.5"]
[White "Martin Duque, Jesus"]
[Black "Vazquez Cabeza, Isaac"]
[Result "1-0"]
[WhiteElo "2357"]
[BlackElo "1611"]
[PlyCount "89"]
[EventDate "2014.11.30"]

1. e4 e6 2. d3 d5 3. Nd2 Nf6 4. Ngf3 Bb4 5. c3 Be7 6. g3 c5 7. Bg2 Nc6 8. O-O
O-O 9. Re1 b5 10. e5 Nd7 11. Nf1 c4 12. d4 b4 13. h4 a5 14. N1h2 a4 15. a3 b3
16. Bg5 Re8 17. Ng4 Nf8 18. Qd2 Bd7 19. h5 Bxg5 20. Nxg5 Ne7 21. h6 Nfg6 22.
hxg7 Kxg7 23. Nxh7 Nf5 24. Nhf6 Rh8 25. Bf3 Bc6 26. Qg5 Rc8 27. Kg2 Qe7 28. Rh1
Rb8 29. Ne3 Nxe3+ 30. Qxe3 Rxh1 31. Rxh1 Rh8 32. Rxh8 Nxh8 33. Qg5+ Ng6 34. Qh5
Qb7 35. Qh7+ Kf8 36. Kg1 Ke7 37. Bh5 Kd8 38. Bxg6 fxg6 39. Qxg6 Qe7 40. Ng8 Qd7
41. Qf6+ Kc7 42. Qf8 Bb5 43. Nf6 Qc6 44. Qe7+ Kb6 45. g4 1-0

[Event "XVI Abierto de la Constitucion"]
[Site "San Sebastian de los Reyes"]
[Date "2014.11.30"]
[Round "1.6"]
[White "Guzman Castro, Enrique"]
[Black "Quevedo Marin, Manuel"]
[Result "0-1"]
[WhiteElo "1610"]
[BlackElo "2192"]
[PlyCount "58"]
[EventDate "2014.11.30"]

1. d4 Nf6 2. Bg5 c5 3. Bxf6 gxf6 4. Nc3 f5 5. Nf3 Bg7 6. Qd3 Nc6 7. e3 cxd4 8.
Nxd4 Nxd4 9. exd4 d6 10. Qd2 O-O 11. h4 b5 12. h5 h6 13. Rh3 f4 14. Rh1 b4 15.
Nd5 e5 16. Nxb4 Qb6 17. Nd5 Qxb2 18. Qc3 Qb7 19. Qb3 exd4 20. Qxb7 Bxb7 21.
Ne7+ Kh8 22. Nf5 Be5 23. f3 d3 24. Rb1 dxc2 25. Rc1 Rac8 26. Bd3 Bd5 27. Ne7
Rc3 28. Nxd5 Rxd3 29. Nb4 Bc3+ 0-1

[Event "XVI Abierto de la Constitucion"]
[Site "San Sebastian de los Reyes"]
[Date "2014.11.30"]
[Round "1.7"]
[White "Aziz Ortego, Omar Luis"]
[Black "Reyes Peñas, Sebastian"]
[Result "1-0"]
[WhiteElo "2103"]
[BlackElo "1563"]
[PlyCount "123"]
[EventDate "2014.11.30"]

1. e4 c5 2. c4 e6 3. Nc3 Nc6 4. g3 g6 5. Bg2 Bg7 6. f4 d6 7. Nge2 Nge7 8. d3 a6
9. Be3 Nd4 10. O-O O-O 11. g4 f5 12. h3 Rb8 13. Ng3 Bd7 14. Qd2 b5 15. Rae1 Qb6
16. exf5 gxf5 17. Nd1 bxc4 18. dxc4 Qb4 19. Qd3 d5 20. Bd2 Qxc4 21. Qxc4 dxc4
22. Bc3 Be8 23. Ne3 fxg4 24. hxg4 Bg6 25. Ne4 Nd5 26. Nxd5 exd5 27. Nxc5 Rfd8
28. Nxa6 Rbc8 29. f5 Rd6 30. fxg6 Rxa6 31. gxh7+ Kxh7 32. Re7 Re6 33. Rxg7+
Kxg7 34. Bxd4+ Kh6 35. Bxd5 Rd6 36. Rf5 Rcd8 37. Rh5+ Kg6 38. Be4+ Kf7 39. Be5
Rd1+ 40. Kf2 R1d2+ 41. Ke3 Ke6 42. Bc3 Rd1 43. Bf5+ Kd6 44. Rh6+ Kc5 45. Be4
Re8 46. a4 Rd3+ 47. Kf4 Rf8+ 48. Ke5 Re8+ 49. Kf5 Rf8+ 50. Rf6 Rxf6+ 51. Kxf6
Rd6+ 52. Ke7 Ra6 53. g5 Rxa4 54. g6 Ra7+ 55. Kf6 Ra6+ 56. Kf5 Rxg6 57. Kxg6 Kb5
58. Kf6 Kc5 59. Ke6 Kb5 60. Kd6 Ka4 61. Kc5 Kb3 62. Bb1 1-0

[Event "XVI Abierto de la Constitucion"]
[Site "San Sebastian de los Reyes"]
[Date "2014.11.30"]
[Round "1.8"]
[White "Rodenas Riesco, Alfonso"]
[Black "Cardenas Serrano, Sergio"]
[Result "0-1"]
[WhiteElo "1551"]
[BlackElo "2100"]
[PlyCount "68"]
[EventDate "2014.11.30"]

1. d4 Nf6 2. c4 c5 3. Nf3 g6 4. e3 Bg7 5. Nc3 O-O 6. h3 d5 7. Be2 Nc6 8. O-O
cxd4 9. Nxd4 e5 10. Nxc6 bxc6 11. cxd5 cxd5 12. Rb1 Be6 13. b3 Rc8 14. Na4 Qe7
15. Bb2 Ne4 16. Bf3 f5 17. Bxe4 fxe4 18. Nc3 Qb7 19. Ne2 Rfd8 20. Qd2 Qa6 21.
Ba1 Qd3 22. Qxd3 exd3 23. Nc3 Rc5 24. Rfd1 e4 25. Na4 Rc2 26. Bxg7 Kxg7 27. Nb2
Rdc8 28. f3 exf3 29. Nxd3 Rxg2+ 30. Kf1 Rcc2 31. Nf4 Rh2 32. Kg1 f2+ 33. Kxh2
f1=Q+ 34. Kg3 Qf2# 0-1

[Event "XVI Abierto de la Constitucion"]
[Site "San Sebastian de los Reyes"]
[Date "2014.11.30"]
[Round "1.9"]
[White "Lopez De Turiso, Jose Angel"]
[Black "Anton Quevedo, Andrea"]
[Result "1-0"]
[WhiteElo "2090"]
[BlackElo "1531"]
[PlyCount "71"]
[EventDate "2014.11.30"]

1. Nc3 e5 2. Nf3 Nc6 3. d4 exd4 4. Nxd4 Nf6 5. g3 d5 6. Nxc6 bxc6 7. Bg2 Bd6 8.
O-O O-O 9. e4 Ba6 10. Re1 Bb4 11. Bd2 Qd7 12. exd5 Bxc3 13. Bxc3 Nxd5 14. Qd4
f6 15. Rad1 Bb7 16. Bb4 Rf7 17. c4 Nb6 18. Qxd7 Nxd7 19. Bh3 Ne5 20. Rxe5 fxe5
21. Be6 c5 22. Bxc5 Bc6 23. Bxa7 g6 24. Bc5 Kg7 25. Bxf7 Kxf7 26. a3 Ke6 27.
Kf1 Ba4 28. Rc1 Kd7 29. Ke2 Kc6 30. Be3 Bb3 31. Kd3 Kd6 32. Rc3 Rb8 33. f4 Bd1
34. b4 Rd8 35. Ke4 Re8 36. Rd3+ 1-0

[Event "XVI Abierto de la Constitucion"]
[Site "San Sebastian de los Reyes"]
[Date "2014.11.30"]
[Round "1.10"]
[White "Ojosnegros Martin, Angel"]
[Black "Martin Rodriguez, Emilio"]
[Result "0-1"]
[WhiteElo "1501"]
[BlackElo "2086"]
[PlyCount "46"]
[EventDate "2014.11.30"]

1. e4 e6 2. d4 d5 3. exd5 exd5 4. Nf3 Bd6 5. Bd3 Bg4 6. h3 Bh5 7. O-O Nc6 8. c3
Nge7 9. Be3 Qd7 10. Re1 O-O-O 11. b4 f6 12. a4 g5 13. Nbd2 Bg6 14. Bf1 h5 15.
Nb3 g4 16. Nh4 gxh3 17. Nc5 Bxc5 18. Nxg6 Nxg6 19. dxc5 hxg2 20. Bxg2 Nh4 21.
b5 Ne5 22. c6 Qg7 23. cxb7+ Kxb7 0-1

[Event "XVI Abierto de la Constitucion"]
[Site "San Sebastian de los Reyes"]
[Date "2014.11.30"]
[Round "1.11"]
[White "Cabañas Bravo, Juan Andres"]
[Black "Infante Martin, Alonso"]
[Result "1-0"]
[WhiteElo "2058"]
[BlackElo "1463"]
[PlyCount "72"]
[EventDate "2014.11.30"]

1. e4 e5 2. c3 d6 3. d4 Be7 4. f4 Nd7 5. Nf3 Ngf6 6. Bd3 b6 7. O-O Bb7 8. Qe2
O-O 9. Na3 Re8 10. Qc2 Bf8 11. Re1 g6 12. Nc4 Bg7 13. fxe5 Nxe4 14. Rxe4 d5 15.
Rf4 dxc4 16. Bxc4 Rf8 17. Qb3 Qe7 18. Rxf7 Rxf7 19. Ng5 Raf8 20. Bd2 Bxe5 21.
Re1 h6 22. Nxf7 Bxh2+ 23. Kxh2 Qh4+ 24. Kg1 g5 25. Rf1 Kg7 26. Qc2 Nf6 27. Be1
Qe4 28. Qxe4 Bxe4 29. Ne5 c6 30. Bd3 Bxd3 31. Nxd3 Re8 32. Ne5 Re6 33. Bg3 h5
34. Nc4 Kg6 35. Bb8 b5 36. Ne5+ Kg7 1-0

[Event "XVI Abierto de la Constitucion"]
[Site "San Sebastian de los Reyes"]
[Date "2014.11.30"]
[Round "1.12"]
[White "Doval Mancheño, Pablo"]
[Black "Bustos Serrano, Doroteo"]
[Result "0-1"]
[WhiteElo "1458"]
[BlackElo "2057"]
[PlyCount "64"]
[EventDate "2014.11.30"]

1. e4 e5 2. Nf3 f5 3. Nxe5 Qf6 4. d4 d6 5. Nc4 fxe4 6. Nc3 Qg6 7. Bf4 Nf6 8. d5
Be7 9. Nb5 Na6 10. Nd4 O-O 11. Qd2 Nxd5 12. Bg3 Bg5 13. Ne3 Nxe3 14. fxe3 Qh6
15. Bc4+ Kh8 16. Bf2 Bd7 17. O-O Rf6 18. Bd5 Raf8 19. Rae1 c5 20. Nb3 Bc6 21.
Bxc6 bxc6 22. Na5 d5 23. Qe2 Nc7 24. c4 d4 25. exd4 Bd2 26. Be3 Rxf1+ 27. Rxf1
Qxe3+ 28. Kh1 Rxf1+ 29. Qxf1 Qf4 30. Qe2 Bxa5 31. dxc5 Qc1+ 32. Qf1 Qxf1# 0-1

[Event "XVI Abierto de la Constitucion"]
[Site "San Sebastian de los Reyes"]
[Date "2014.11.30"]
[Round "1.13"]
[White "Alfaya Marcelo, Roberto"]
[Black "Hidalgo Prado, David"]
[Result "1-0"]
[WhiteElo "1995"]
[BlackElo "1449"]
[PlyCount "109"]
[EventDate "2014.11.30"]

1. Nf3 d5 2. c4 e6 3. b3 Nf6 4. g3 Nbd7 5. Bb2 c6 6. Bg2 dxc4 7. bxc4 Be7 8.
O-O O-O 9. d3 c5 10. a4 Qc7 11. Nc3 a6 12. a5 Bd6 13. Qd2 Re8 14. Na4 e5 15.
Ng5 h6 16. Ne4 Nxe4 17. Bxe4 Nf6 18. Nb6 Rb8 19. Bg2 Be6 20. Bc3 Nd7 21. Rab1
Nf6 22. Rb3 Nd7 23. Rfb1 Nxb6 24. Rxb6 Bc8 25. Bd5 Re7 26. Qe3 Kh8 27. Qe4 Qd8
28. Bxb7 Rexb7 29. Rxb7 Bxb7 30. Rxb7 f6 31. Qc6 Rxb7 32. Qxb7 Qb8 33. Qxb8+
Bxb8 34. Kg2 g6 35. f4 Kg7 36. Kf3 exf4 37. gxf4 Kf7 38. e3 Ke6 39. d4 cxd4 40.
exd4 Ba7 41. Ke4 f5+ 42. Kd3 Bb8 43. d5+ Kd7 44. Be5 Ba7 45. Bd4 Bb8 46. Ke3
Bc7 47. Bb6 Bb8 48. c5 g5 49. c6+ Kd6 50. fxg5 hxg5 51. Kf3 g4+ 52. Kf4 Kxd5+
53. c7 Bxc7+ 54. Bxc7 Ke6 55. Be5 1-0

[Event "XVI Abierto de la Constitucion"]
[Site "San Sebastian de los Reyes"]
[Date "2014.11.30"]
[Round "1.14"]
[White "Mehalingam, Karunanithi"]
[Black "De La Orden Alcocer, Alejandro"]
[Result "0-1"]
[WhiteElo "1443"]
[BlackElo "1959"]
[PlyCount "88"]
[EventDate "2014.11.30"]

1. e4 c5 2. Nf3 d6 3. Be2 Nf6 4. d3 Nc6 5. O-O g6 6. c3 Bg7 7. Nbd2 O-O 8. Nh4
e5 9. Nhf3 b5 10. a4 b4 11. Nb3 a5 12. Bg5 h6 13. Bh4 g5 14. Nxg5 hxg5 15. Bxg5
Ne7 16. Qd2 bxc3 17. Qxc3 Be6 18. Nd2 Nh7 19. Bh4 Qc7 20. Nc4 Ng6 21. Bg3 Nf6
22. Qd2 Bxc4 23. dxc4 Nxe4 24. Qd5 Nxg3 25. fxg3 Ne7 26. Qe4 f5 27. Qc2 Rf6 28.
Rad1 Raf8 29. Qd2 Bh6 30. Qc3 Nc6 31. Bf3 Bg7 32. Bd5+ Kh8 33. Qf3 Nd4 34. Qh5+
Rh6 35. Qg5 Qd8 36. Qd2 Rh7 37. Qd3 Qg5 38. h4 Qg4 39. Kh2 e4 40. Qd2 Be5 41.
Qe3 Rxh4+ 42. Kg1 Bxg3 43. Bxe4 Ne2+ 44. Qxe2 Qxe2 0-1

[Event "XVI Abierto de la Constitucion"]
[Site "San Sebastian de los Reyes"]
[Date "2014.11.30"]
[Round "1.15"]
[White "Ruiz Sanchez, Roberto"]
[Black "Martin Rodriguez, Jose Luis"]
[Result "1-0"]
[WhiteElo "1940"]
[BlackElo "1411"]
[PlyCount "51"]
[EventDate "2014.11.30"]

1. e4 e6 2. d4 d5 3. Nd2 c5 4. exd5 Qxd5 5. Ngf3 cxd4 6. Bc4 Qd6 7. O-O Nf6 8.
Nb3 Nc6 9. Qe2 Be7 10. Rd1 Qc7 11. Nbxd4 Nxd4 12. Nxd4 O-O 13. Bb3 Bd7 14. h3
e5 15. Nf3 Bd6 16. Bg5 Rae8 17. Qd3 Bc6 18. Qxd6 Qxd6 19. Rxd6 Ne4 20. Rdd1 Nc5
21. Be3 Nxb3 22. axb3 Rd8 23. Rxd8 Rxd8 24. Rxa7 Rd1+ 25. Kh2 f6 26. Ra8+ 1-0

[Event "XVI Abierto de la Constitucion"]
[Site "San Sebastian de los Reyes"]
[Date "2014.11.30"]
[Round "1.16"]
[White "Gomez Escurin, Jose Manuel"]
[Black "Morona Minguez, Miguel"]
[Result "0-1"]
[WhiteElo "1326"]
[BlackElo "1939"]
[PlyCount "54"]
[EventDate "2014.11.30"]

1. e4 e5 2. Nf3 Nc6 3. d4 exd4 4. Nxd4 Bc5 5. Be3 Qf6 6. c3 Nge7 7. Bc4 b6 8.
O-O Bb7 9. Qd3 Ne5 10. Qe2 Bxe4 11. Nb5 Qc6 12. Bxc5 bxc5 13. Nxc7+ Qxc7 14.
Qxe4 Rb8 15. b3 O-O 16. Be2 d5 17. Qf4 N7g6 18. Qg3 f5 19. f4 Nd7 20. Nd2 Nf6
21. Qf2 Rbe8 22. Bd3 Ne4 23. Nxe4 fxe4 24. Bb5 Rb8 25. Qe2 Nxf4 26. Qf2 Rxb5
27. g3 Nh3+ 0-1

[Event "XVI Abierto de la Constitucion"]
[Site "San Sebastian de los Reyes"]
[Date "2014.11.30"]
[Round "1.17"]
[White "Largo Barbero, Benito"]
[Black "Asins Martin, Jose"]
[Result "1-0"]
[WhiteElo "1929"]
[BlackElo "1264"]
[PlyCount "85"]
[EventDate "2014.11.30"]

1. e4 c5 2. Nc3 e6 3. g3 Qc7 4. Bg2 Nf6 5. d3 Be7 6. Nge2 Nc6 7. Bf4 d6 8. Qd2
e5 9. Bg5 O-O 10. f4 Qb6 11. f5 h6 12. Bxf6 Bxf6 13. h4 Ne7 14. O-O-O Kh8 15.
g4 Ng8 16. g5 Be7 17. gxh6 Nxh6 18. Bf3 Qd8 19. Rdg1 Bf6 20. Nd5 Rg8 21. Ng3
Kh7 22. Nh5 Qf8 23. Ndxf6+ gxf6 24. Nxf6+ Kh8 25. Nxg8 Nxg8 26. Qg5 Bd7 27. f6
Qh6 28. Kd1 Kh7 29. Qg7+ Qxg7 30. Rxg7+ Kh8 31. Rxf7 Be6 32. Rxb7 Nxf6 33. Rg1
Rg8 34. Rxg8+ Nxg8 35. Rxa7 Nh6 36. Ra6 Kg7 37. Rxd6 Bxa2 38. b3 Nf7 39. Rd7
Kf6 40. Rxf7+ Kxf7 41. Kc1 Kf6 42. Kb2 Bxb3 43. cxb3 1-0

[Event "XVI Abierto de la Constitucion"]
[Site "San Sebastian de los Reyes"]
[Date "2014.11.30"]
[Round "1.18"]
[White "Karunanithi, Bharath"]
[Black "Marcos Herrero, Francisco"]
[Result "0-1"]
[WhiteElo "1182"]
[BlackElo "1916"]
[PlyCount "66"]
[EventDate "2014.11.30"]

1. e4 c5 2. Nf3 Nc6 3. d3 d6 4. g3 g6 5. Bg2 Bg7 6. Nc3 e6 7. O-O Nge7 8. Bd2
O-O 9. Qe2 Rb8 10. Rae1 b5 11. Nh4 b4 12. Na4 Ba6 13. c4 bxc3 14. Nxc3 Rxb2 15.
Qe3 Qa5 16. Rc1 Ne5 17. Rfd1 Nxd3 18. Nd5 Nxd5 19. exd5 Qxa2 20. Ra1 Rxd2 21.
Rxa2 Rxd1+ 22. Bf1 Bd4 23. Qg5 Bxf2+ 24. Kg2 Bc4 25. Rxa7 Rxf1 26. Kxf1 Nf4+
27. Kxf2 Nh3+ 28. Ke3 Nxg5 29. dxe6 Re8 30. Kd2 Rxe6 31. Kc3 d5 32. Rc7 Re2 33.
Rxc5 Ne4+ 0-1

[Event "XVI Abierto de la Constitucion"]
[Site "San Sebastian de los Reyes"]
[Date "2014.11.30"]
[Round "1.19"]
[White "Molina Garcia, Francisco J."]
[Black "Guillo Sanchez-Galiano, Ernesto"]
[Result "1-0"]
[WhiteElo "1891"]
[BlackElo "1165"]
[PlyCount "69"]
[EventDate "2014.11.30"]

1. e4 e5 2. Nf3 d6 3. d4 Nf6 4. Nc3 g6 5. dxe5 dxe5 6. Qxd8+ Kxd8 7. Nxe5 Be6
8. Bg5 Be7 9. O-O-O+ Nfd7 10. Bxe7+ Kxe7 11. Nxd7 Nxd7 12. Nd5+ Bxd5 13. exd5
Rhd8 14. g3 Nc5 15. Bg2 Rab8 16. Rhe1+ Kf8 17. Re3 Rd6 18. Rc3 b6 19. b4 Na6
20. a3 b5 21. Re1 Re8 22. Rxe8+ Kxe8 23. Kd2 Kd7 24. Ke3 Nb8 25. Ke4 c6 26.
dxc6+ Nxc6 27. Rd3 Rxd3 28. Kxd3 Ne5+ 29. Kd4 Kd6 30. f4 Nc4 31. a4 a6 32. Bb7
Na3 33. Bxa6 bxa4 34. Bd3 Kc6 35. c4 1-0

[Event "XVI Abierto de la Constitucion"]
[Site "San Sebastian de los Reyes"]
[Date "2014.12.01"]
[Round "2.1"]
[White "Bustos Serrano, Doroteo"]
[Black "Perez Mitjans, Orelvis"]
[Result "0-1"]
[WhiteElo "2057"]
[BlackElo "2463"]
[PlyCount "58"]
[EventDate "2014.11.30"]

1. e4 d5 2. Nc3 e6 3. exd5 exd5 4. d4 Nf6 5. Nf3 Bb4 6. Bg5 O-O 7. Be2 Qd6 8.
O-O Bxc3 9. bxc3 Ne4 10. c4 dxc4 11. Bxc4 Bg4 12. Be3 Nc6 13. Qd3 Bxf3 14. gxf3
Nf6 15. c3 Nd5 16. Bb3 Rad8 17. Bc2 Qg6+ 18. Qxg6 fxg6 19. Rab1 b6 20. Be4 Na5
21. Rbc1 Nc4 22. Bg5 Rd7 23. Rfe1 h6 24. Bh4 Nd2 25. c4 Nb4 26. a3 Nd3 27. Bxd3
Nxf3+ 28. Kf1 Nxe1 29. Rxe1 Rxd4 0-1

[Event "XVI Abierto de la Constitucion"]
[Site "San Sebastian de los Reyes"]
[Date "2014.12.01"]
[Round "2.2"]
[White "Valles Moreno, Ivan"]
[Black "Ruiz Sanchez, Roberto"]
[Result "1-0"]
[WhiteElo "2391"]
[BlackElo "1940"]
[PlyCount "65"]
[EventDate "2014.11.30"]

1. e4 c6 2. d4 d5 3. e5 Bf5 4. Nf3 e6 5. Be2 Nd7 6. O-O Ne7 7. Nbd2 c5 8. Nb3
Nc6 9. Be3 c4 10. Nc1 Be7 11. Ne1 h6 12. Bg4 Bh7 13. Ne2 b5 14. Nf4 Qb6 15. b3
Na5 16. Rb1 Qc6 17. Nh5 g6 18. Nf4 Rc8 19. b4 Nb7 20. c3 Nb6 21. Rc1 Ra8 22.
Qf3 a5 23. a3 Na4 24. Qh3 Bg8 25. Bd2 Nd8 26. Nc2 Qb7 27. Ne3 Nc6 28. Nfxd5
exd5 29. Nxd5 Nb6 30. Nxb6 Qxb6 31. Rfe1 Nd8 32. Bd7+ Kf8 33. Qxh6+ 1-0

[Event "XVI Abierto de la Constitucion"]
[Site "San Sebastian de los Reyes"]
[Date "2014.12.01"]
[Round "2.3"]
[White "De La Orden Alcocer, Alejandro"]
[Black "Roa Alonso, Santiago"]
[Result "0-1"]
[WhiteElo "1959"]
[BlackElo "2387"]
[PlyCount "62"]
[EventDate "2014.11.30"]

1. c4 e5 2. g3 Nc6 3. Bg2 f5 4. d3 Nf6 5. Nc3 Bb4 6. Bd2 O-O 7. a3 Bxc3 8. Bxc3
d6 9. Nf3 Qe8 10. Qd2 Bd7 11. b4 Nd8 12. O-O a6 13. Qc2 Ba4 14. Qa2 Kh8 15. c5
Bc6 16. cxd6 cxd6 17. Qd2 Ne6 18. Rac1 Qh5 19. Rfe1 f4 20. Qd1 fxg3 21. hxg3
Ng4 22. e4 Rxf3 23. Qxf3 Rf8 24. Qe2 Qh2+ 25. Kf1 Qxg3 26. Rc2 Bb5 27. Kg1 Qh2+
28. Kf1 Rxf2+ 29. Qxf2 Bxd3+ 30. Qe2 Qg3 31. Bxe5 Qf2# 0-1

[Event "XVI Abierto de la Constitucion"]
[Site "San Sebastian de los Reyes"]
[Date "2014.12.01"]
[Round "2.4"]
[White "Hernando Pertierra, Jose C."]
[Black "Largo Barbero, Benito"]
[Result "1-0"]
[WhiteElo "2382"]
[BlackElo "1929"]
[PlyCount "65"]
[EventDate "2014.11.30"]

1. Nf3 d5 2. c4 Nf6 3. cxd5 Nxd5 4. e4 Nb6 5. d4 Bg4 6. Be2 e6 7. Nc3 Be7 8. h3
Bh5 9. g4 Bg6 10. Ne5 N8d7 11. Nxg6 hxg6 12. Be3 c6 13. Qb3 Nf6 14. O-O-O Qc7
15. Kb1 Nbd7 16. f4 Qb6 17. Qc2 Qa5 18. h4 Rc8 19. h5 gxh5 20. g5 Ng8 21. Bxh5
g6 22. Bf3 Rxh1 23. Rxh1 Bf8 24. Bd2 Qc7 25. f5 exf5 26. exf5 Ne7 27. f6 Nf5
28. Bg4 Qd6 29. Qe4+ Kd8 30. Bf4 Qe6 31. Rh8 Qxe4+ 32. Nxe4 Nxd4 33. Nd6 1-0

[Event "XVI Abierto de la Constitucion"]
[Site "San Sebastian de los Reyes"]
[Date "2014.12.01"]
[Round "2.5"]
[White "Morona Minguez, Miguel"]
[Black "Martin Duque, Jesus"]
[Result "0-1"]
[WhiteElo "1939"]
[BlackElo "2357"]
[PlyCount "96"]
[EventDate "2014.11.30"]

1. e4 e6 2. d4 d5 3. Nc3 Bb4 4. e5 Ne7 5. a3 Bxc3+ 6. bxc3 b6 7. Bb5+ c6 8. Ba4
a5 9. Ne2 Ba6 10. O-O O-O 11. Re1 Ng6 12. Nf4 Bc4 13. Bb3 a4 14. Bxc4 dxc4 15.
Qf3 Qd7 16. Nh5 Qd5 17. Qg4 Nd7 18. h4 Rae8 19. Nxg7 Kxg7 20. h5 f5 21. Qg5 Rh8
22. Re3 Kf7 23. hxg6+ hxg6 24. Rg3 Reg8 25. Rb1 Rh5 26. Qe3 Rgh8 27. f3 b5 28.
Kf2 Nb6 29. Bd2 Qd8 30. f4 Nd5 31. Qf3 Qe7 32. Rb4 Qh4 33. Rb1 g5 34. fxg5 Kg7
35. Ke2 Qh2 36. Rf1 Rh4 37. Kd1 b4 38. axb4 f4 39. Rg4 Rxg4 40. Qxg4 Qh5 41.
Qf3 a3 42. Kc1 Qxf3 43. gxf3 Rh2 44. Rd1 Rf2 45. Kb1 Rxf3 46. Ka2 Rxc3 47. Rc1
Rf3 48. c3 Rf2 0-1

[Event "XVI Abierto de la Constitucion"]
[Site "San Sebastian de los Reyes"]
[Date "2014.12.01"]
[Round "2.6"]
[White "Quevedo Marin, Manuel"]
[Black "Molina Garcia, Francisco J."]
[Result "1-0"]
[WhiteElo "2192"]
[BlackElo "1891"]
[PlyCount "59"]
[EventDate "2014.11.30"]

1. d4 Nf6 2. c4 e6 3. Nc3 Bb4 4. Qc2 O-O 5. Nf3 b6 6. e4 d5 7. e5 Ne4 8. Bd3 f5
9. exf6 Nxf6 10. O-O Bb7 11. Ng5 dxc4 12. Bxc4 Qe8 13. Nxe6 Qc6 14. Ne4 Ba6 15.
Nxf8+ Qxc4 16. Nxf6+ Kxf8 17. Nxh7+ Kg8 18. Nf6+ Kf7 19. Qxc4+ Bxc4 20. Ng4
Bxf1 21. Kxf1 Nc6 22. Ne5+ Nxe5 23. dxe5 Re8 24. Bf4 Ke6 25. Rc1 Re7 26. g4 Bc5
27. Rd1 g5 28. Bxg5 Rg7 29. f4 Rf7 30. Bf6 1-0

[Event "XVI Abierto de la Constitucion"]
[Site "San Sebastian de los Reyes"]
[Date "2014.12.01"]
[Round "2.7"]
[White "Marcos Herrero, Francisco"]
[Black "Aziz Ortego, Omar Luis"]
[Result "0-1"]
[WhiteElo "1916"]
[BlackElo "2103"]
[PlyCount "60"]
[EventDate "2014.11.30"]

1. Nf3 f5 2. d4 Nf6 3. g3 g6 4. Bg2 Bg7 5. c4 O-O 6. O-O d6 7. Nc3 Qe8 8. Qb3
c6 9. Bf4 Nbd7 10. c5+ d5 11. Ne5 h6 12. e4 fxe4 13. Nxe4 g5 14. Nxd7 Nxd7 15.
Be3 Kh8 16. Nd2 e5 17. dxe5 Qxe5 18. Nf3 Qxb2 19. Qd3 Rxf3 20. Bxf3 Ne5 21. Qe2
g4 22. Bxg4 Nxg4 23. Qxb2 Bxb2 24. Rab1 Be5 25. Rfe1 Bc3 26. Red1 Nxe3 27. fxe3
a5 28. a3 Rb8 29. e4 d4 30. Rd3 Bg4 0-1

[Event "XVI Abierto de la Constitucion"]
[Site "San Sebastian de los Reyes"]
[Date "2014.12.01"]
[Round "2.8"]
[White "Cardenas Serrano, Sergio"]
[Black "Camarero Izquierdo, Juan Carlos"]
[Result "1-0"]
[WhiteElo "2100"]
[BlackElo "1828"]
[PlyCount "101"]
[EventDate "2014.11.30"]

1. e4 c5 2. Nc3 e6 3. f4 d6 4. Nf3 a6 5. a4 Nc6 6. g3 Nf6 7. Bg2 Be7 8. d3 O-O
9. O-O Qc7 10. h3 Bd7 11. g4 Nd4 12. Be3 Nxf3+ 13. Qxf3 Bc6 14. g5 Nd7 15. Qh5
f5 16. gxf6 Bxf6 17. Bd2 b5 18. axb5 axb5 19. Rxa8 Rxa8 20. f5 Bd4+ 21. Kh1 b4
22. Nd1 exf5 23. Qxf5 Nf8 24. c3 bxc3 25. Bxc3 Bxc3 26. Nxc3 Rb8 27. Nd5 Bxd5
28. Qxd5+ Kh8 29. Rf7 Qd8 30. e5 Qe8 31. exd6 Rxb2 32. d7 Rb1+ 33. Bf1 Nxd7 34.
Qxd7 Qa8+ 35. Kg1 h6 36. Qf5 Kg8 37. Qg6 Qa1 38. Rf4 Qe5 39. Re4 Qg5+ 40. Qxg5
hxg5 41. Re8+ Kf7 42. Rc8 Rc1 43. d4 Ke6 44. dxc5 Kd5 45. Kf2 Rxc5 46. Rxc5+
Kxc5 47. Kg3 Kd6 48. Kg4 Ke7 49. Kxg5 Kf7 50. Bc4+ Kf8 51. Kg6 1-0